|
|
|
|
| LEADER |
00000nab a2200000 a 4500 |
| 001 |
vtls009333556 |
| 003 |
SK-MaSNL |
| 005 |
20260305020900.0 |
| 008 |
250506c1973 xo |r|p||||||||00 ||slo |
| 015 |
|
|
|a SNBRB2008/06
|2 snkbucl
|
| 035 |
|
|
|a (uuid)48297b9c-29dc-462c-b998-c12a0b6ed880
|
| 035 |
|
|
|a urn:nbn:sk:snk-abc44q
|
| 035 |
|
|
|a (urnnbn)urn:nbn:sk:snk:ar-000har
|
| 038 |
|
|
|a SNKBUCL
|
| 040 |
|
|
|a SNKBUCL
|b slo
|c SNKBUCL
|e AACR2
|
| 041 |
0 |
|
|a slo
|
| 044 |
|
|
|a xo
|c SK
|
| 080 |
|
|
|a 82:929:821.162.4
|2 2001
|
| 080 |
|
|
|a 929:821.162.4
|2 2001
|
| 080 |
|
|
|a 821.162.4
|2 2001
|
| 080 |
|
|
|a 82-051
|2 2001
|
| 080 |
|
|
|a 929 Marták, Ján
|2 2001
|
| 100 |
1 |
|
|a Kraus, Cyril,
|d 1928-2012
|4 aut
|9 14532
|
| 245 |
1 |
0 |
|a Literárno-historický profil Jána Martáka
|c Cyril Kraus
|
| 600 |
1 |
7 |
|a Marták, Ján,
|d 1903-1982
|2 snkbucl
|9 37645
|
| 655 |
|
7 |
|a profily
|2 snkbucl
|9 341977
|
| 773 |
0 |
|
|t Romboid
|g Roč. 8, č. 8 (1973), s. 36-39
|
| 850 |
|
|
|a Slovenská národná knižnica
|
| 852 |
|
|
|a Slovenská národná knižnica
|
| 958 |
|
|
|a article15
|
| 958 |
|
|
|a OND
|
| 958 |
|
|
|a LX
|
| 958 |
|
|
|a BX
|
| 958 |
|
|
|a PBCK20008
|
| 958 |
|
|
|a EUIPO
|
| 999 |
|
|
|c 3282829
|d 3284759
|